|
|
|
|
| LEADER |
02156nam a2200445 i 4500 |
| 001 |
EBC4689893 |
| 003 |
MiAaPQ |
| 005 |
20200917021826.0 |
| 006 |
m o d | |
| 007 |
cr cnu|||||||| |
| 008 |
161006t20162016ne ob 001 0 eng d |
| 020 |
|
|
|z 9789027258342
|
| 020 |
|
|
|a 9789027266446 (e-book)
|
| 035 |
|
|
|a (MiAaPQ)EBC4689893
|
| 035 |
|
|
|a (Au-PeEL)EBL4689893
|
| 035 |
|
|
|a (CaPaEBR)ebr11267056
|
| 035 |
|
|
|a (CaONFJC)MIL955211
|
| 035 |
|
|
|a (OCoLC)958651083
|
| 040 |
|
|
|a MiAaPQ
|b eng
|e rda
|e pn
|c MiAaPQ
|d MiAaPQ
|
| 050 |
|
4 |
|a P40.5.E53
|b .E533 2016
|
| 082 |
0 |
|
|a 408.9
|2 23
|
| 245 |
0 |
0 |
|a Endangered languages and languages in danger :
|b issues of documentation, policy, and language rights /
|c edited by Luna Filipovic and Martin Putz.
|
| 264 |
|
1 |
|a Amsterdam, [Netherlands] ;
|a Philadelphia, [Pennsylvania] :
|b John Benjamins Publishing Company,
|c 2016.
|
| 264 |
|
4 |
|c 2016
|
| 300 |
|
|
|a 1 online resource (425 pages).
|
| 336 |
|
|
|a text
|2 rdacontent
|
| 337 |
|
|
|a computer
|2 rdamedia
|
| 338 |
|
|
|a online resource
|2 rdacarrier
|
| 490 |
1 |
|
|a IMPACT: Studies in Language and Society,
|x 1385-7908 ;
|v Volume 42
|
| 504 |
|
|
|a Includes bibliographical references at the end of each chapters and index.
|
| 588 |
|
|
|a Description based on online resource; title from PDF title page (ebrary, viewed October 5, 2016).
|
| 590 |
|
|
|a Electronic reproduction. Ann Arbor, MI : ProQuest, 2016. Available via World Wide Web. Access may be limited to ProQuest affiliated libraries.
|
| 650 |
|
0 |
|a Endangered languages.
|
| 655 |
|
4 |
|a Electronic books.
|
| 700 |
1 |
|
|a Filipovic, Luna,
|e editor.
|
| 700 |
1 |
|
|a Putz, Martin,
|e editor.
|
| 776 |
0 |
8 |
|i Print version:
|t Endangered languages and languages in danger : issues of documentation, policy, and language rights.
|d Amsterdam, [Netherlands] ; Philadelphia, [Pennsylvania] : John Benjamins Publishing Company, c2016
|h ix, 413 pages
|k Impact, studies in language and society ; Volume 42.
|z 9789027258342
|
| 797 |
2 |
|
|a ProQuest (Firm)
|
| 830 |
|
0 |
|a Impact, studies in language and society ;
|v Volume 42.
|
| 856 |
4 |
0 |
|u https://ebookcentral.proquest.com/lib/matrademy/detail.action?docID=4689893
|z Click to View
|